[Event "Wroclaw Anderssen Memorial"]
[Site "Wroclaw"]
[Date "2022.07.30"]
[Round "4"]
[White "Lachowicz, Dominik"]
[Black "Djuric, Stefan"]
[Result "0-1"]
[WhiteElo "1708"]
[BlackElo "2277"]
[PlyCount "74"]
[EventDate "2022.07.30"]
[EventType "swiss (rapid)"]
[EventRounds "9"]
[EventCountry "POL"]
[SourceTitle "CBM 209 Extra"]
[Source "ChessBase"]
[SourceDate "2022.09.30"]
[SourceVersion "1"]
[SourceVersionDate "2022.09.30"]
[SourceQuality "1"]

1. d4 g6 2. c4 Bg7 3. Nc3 d6 4. e4 Nf6 5. Nf3 0-0 6. Be2 e5 7. 0-0 Nc6 8. d5 Ne7 9. b4 a5 10. Ba3 Nh5 11. c5 Nf4 12. Nd2 axb4 13. Bxb4 dxc5 14. Bxc5 b6 15. Be3 Nxe2+ 16. Nxe2 Ba6 17. Re1 Nc8 18. Qc2 Nd6 19. Rac1 Ra7 20. Nc3 f5 21. f3 Qh4 22. a4 Bh6 23. Bf2 Qg5 24. Rcd1 Bc8 25. Nb5 Nxb5 26. axb5 Bd7 27. Qc4 Rf7 28. Be3 f4 29. Bf2 Bh3 30. g3 Bf8 31. Kh1 fxg3 32. Bxg3 Bc5 33. Nb3 Bf2 34. Rg1 Bxg1 35. Rxg1 Qh5 36. Nd2 Ra3 37. d6 cxd6 0-1

[Event "Wroclaw op-B 6th"]
[Site "Wroclaw"]
[Date "2011.07.09"]
[Round "8"]
[White "Lachowicz, Dominik"]
[Black "Zysko, Teresa"]
[Result "1/2-1/2"]
[WhiteElo "1693"]
[BlackElo "1715"]
[PlyCount "73"]
[EventDate "2011.07.04"]
[EventType "swiss"]
[EventRounds "9"]
[EventCountry "POL"]
[SourceTitle "EXT 2023"]
[Source "ChessBase"]
[SourceDate "2022.10.05"]
[SourceVersion "1"]
[SourceVersionDate "2022.10.05"]
[SourceQuality "1"]

1. d4 d5 2. c4 e6 3. Nc3 Nf6 4. Nf3 Nbd7 5. Bf4 c6 6. e3 Be7 7. cxd5 exd5 8. Bd3 0-0 9. Qc2 Re8 10. 0-0 Nf8 11. Rab1 Ng6 12. Bg3 Bd6 13. b4 Bxg3 14. hxg3 Bd7 15. b5 Qa5 16. bxc6 bxc6 17. Na4 Rab8 18. Nc5 Bg4 19. Rxb8 Rxb8 20. Rb1 Qc7 21. Rc1 Bc8 22. a4 Qa5 23. Rb1 Rb4 24. Rxb4 Qxb4 25. Bxg6 hxg6 26. Qb3 Qxb3 27. Nxb3 Nd7 28. Kf1 Kf8 29. Ke1 Ke7 30. Kd2 Kd6 31. a5 c5 32. Kc3 c4 33. Nbd2 f6 34. Nh4 Nf8 35. Nhf3 Nd7 36. Nh4 Nf8 37. Nhf3 1/2-1/2

[Event "Wroclaw op-B 6th"]
[Site "Wroclaw"]
[Date "2011.07.07"]
[Round "6"]
[White "Lachowicz, Dominik"]
[Black "Wrobel, Michal"]
[Result "1-0"]
[WhiteElo "1693"]
[BlackElo "1436"]
[PlyCount "95"]
[EventDate "2011.07.04"]
[EventType "swiss"]
[EventRounds "9"]
[EventCountry "POL"]
[SourceTitle "EXT 2023"]
[Source "ChessBase"]
[SourceDate "2022.10.05"]
[SourceVersion "1"]
[SourceVersionDate "2022.10.05"]
[SourceQuality "1"]

1. d4 d5 2. c4 e6 3. Nc3 Ne7 4. Nf3 g6 5. Bf4 Bg7 6. e3 0-0 7. Rc1 a6 8. cxd5 exd5 9. Be2 Nbc6 10. 0-0 Bf5 11. Qb3 Rb8 12. h3 Re8 13. Rfd1 Qd7 14. a4 Red8 15. Qa3 Bf8 16. Qb3 Na5 17. Qa2 Bg7 18. b4 Nac6 19. b5 Nb4 20. Qb2 a5 21. Na2 Rbc8 22. Nxb4 axb4 23. Qxb4 c6 24. Nd2 Ra8 25. Nb3 h6 26. Nc5 Qc8 27. b6 Kh7 28. Bc7 Re8 29. a5 Bf8 30. Ra1 Ng8 31. Qb3 Bxc5 32. dxc5 Nf6 33. Ra2 Nd7 34. Bd6 Nb8 35. a6 Nd7 36. Rda1 Be6 37. axb7 Qxb7 38. Ba6 d4 39. Qb2 Rxa6 40. Rxa6 Nb8 41. Ra7 Qc8 42. Ra8 Qd8 43. Rxb8 Qxb8 44. Bxb8 Rxb8 45. Qxd4 Bd5 46. e4 Be6 47. Ra7 h5 48. f4 1-0

[Event "Wroclaw op-B 6th"]
[Site "Wroclaw"]
[Date "2011.07.06"]
[Round "4"]
[White "Lachowicz, Dominik"]
[Black "Nowak, Kamil"]
[Result "1-0"]
[WhiteElo "1693"]
[BlackElo "1637"]
[PlyCount "83"]
[EventDate "2011.07.04"]
[EventType "swiss"]
[EventRounds "9"]
[EventCountry "POL"]
[SourceTitle "EXT 2023"]
[Source "ChessBase"]
[SourceDate "2022.10.05"]
[SourceVersion "1"]
[SourceVersionDate "2022.10.05"]
[SourceQuality "1"]

1. d4 d5 2. c4 c6 3. Nc3 Nf6 4. Nf3 a6 5. cxd5 cxd5 6. Bg5 e6 7. e3 Be7 8. Bd3 0-0 9. 0-0 b5 10. Rc1 Nbd7 11. Qc2 Bb7 12. a4 b4 13. Ne2 Rc8 14. Qb1 h6 15. Bf4 Qb6 16. b3 Bd6 17. a5 Qxa5 18. Bxd6 Rfe8 19. Rxc8 Rxc8 20. Rc1 Rxc1+ 21. Qxc1 Qa2 22. Qb1 Qa5 23. h3 Ne4 24. Bxe4 dxe4 25. Nd2 Qd5 26. Bg3 Bc6 27. Nf4 Qf5 28. Qc2 Bb5 29. Nc4 g5 30. Nd6 Qf6 31. Ne2 Bd3 32. Qc8+ Nf8 33. Ne8 Qf5 34. Nc1 Qa5 35. Be5 Qa1 36. Nf6+ Kg7 37. Nd7+ Kg6 38. g4 Kh7 39. Nxf8+ Kg8 40. Nd7+ Kh7 41. Qh8+ Kg6 42. Nf8# 1-0

[Event "Wroclaw op-B 6th"]
[Site "Wroclaw"]
[Date "2011.07.05"]
[Round "2"]
[White "Lachowicz, Dominik"]
[Black "Koliczko, Oskar"]
[Result "1-0"]
[WhiteElo "1693"]
[BlackElo "1414"]
[PlyCount "81"]
[EventDate "2011.07.04"]
[EventType "swiss"]
[EventRounds "9"]
[EventCountry "POL"]
[SourceTitle "EXT 2023"]
[Source "ChessBase"]
[SourceDate "2022.10.05"]
[SourceVersion "1"]
[SourceVersionDate "2022.10.05"]
[SourceQuality "1"]

1. d4 Nf6 2. c4 b6 3. f3 d5 4. cxd5 Nxd5 5. e4 Nf6 6. Nc3 e6 7. Bf4 Nh5 8. Be3 Be7 9. Bd3 Bg5 10. Bxg5 Qxg5 11. Qd2 Qxd2+ 12. Kxd2 Nf4 13. Bf1 Ba6 14. Nge2 Nxe2 15. Bxe2 Bxe2 16. Kxe2 c6 17. Rac1 Kd7 18. Rhd1 Re8 19. Kf2 Kc7 20. d5 exd5 21. exd5 c5 22. Nb5+ Kd7 23. b4 Na6 24. bxc5 Nxc5 25. Rc4 a6 26. Nc3 Re5 27. Rb1 Nd3+ 28. Kg3 b5 29. Rg4 g5 30. h4 gxh4+ 31. Rxh4 Rg8+ 32. Kh2 Reg5 33. g4 h5 34. Ne4 hxg4 35. Nf6+ Kd6 36. Nxg8 g3+ 37. Kg2 Rxg8 38. Rh6+ Kxd5 39. Rd1 Kc4 40. Rc6+ Kd5 41. Rc3 1-0

[Event "Wroclaw op"]
[Site "Wroclaw"]
[Date "2010.09.03"]
[Round "?"]
[White "Krol, Krzysztof"]
[Black "Lachowicz, Dominik"]
[Result "1-0"]
[WhiteElo "1740"]
[BlackElo "1689"]
[PlyCount "55"]
[EventDate "2010.09.03"]
[EventType "swiss"]
[EventRounds "5"]
[EventCountry "POL"]
[SourceTitle "EXT 2023"]
[Source "ChessBase"]
[SourceDate "2022.10.05"]
[SourceVersion "1"]
[SourceVersionDate "2022.10.05"]
[SourceQuality "1"]

1. d4 Nf6 2. c4 e5 3. dxe5 Ng4 4. Nf3 Bc5 5. e3 Nc6 6. Nc3 Bb4 7. Bd2 Ngxe5 8. a3 Be7 9. Be2 0-0 10. 0-0 d6 11. Nd5 Nxf3+ 12. Bxf3 Ne5 13. Be2 c6 14. Nxe7+ Qxe7 15. Bc3 Be6 16. c5 Rfd8 17. Qa4 f6 18. cxd6 Qxd6 19. Rad1 Qc7 20. Rxd8+ Qxd8 21. Bxe5 fxe5 22. Rd1 Qb6 23. Bc4 Kf7 24. Bxe6+ Kxe6 25. Qg4+ Kf6 26. Rd6+ Ke7 27. Qe6+ Kf8 28. Rd7 1-0

[Event "Wroclaw op"]
[Site "Wroclaw"]
[Date "2010.09.03"]
[Round "?"]
[White "Lachowicz, Dominik"]
[Black "Korpalski, Maciej"]
[Result "1-0"]
[WhiteElo "1689"]
[BlackElo "1459"]
[PlyCount "37"]
[EventDate "2010.09.03"]
[EventType "swiss"]
[EventRounds "5"]
[EventCountry "POL"]
[SourceTitle "EXT 2023"]
[Source "ChessBase"]
[SourceDate "2022.10.05"]
[SourceVersion "1"]
[SourceVersionDate "2022.10.05"]
[SourceQuality "1"]

1. d4 d5 2. c4 e6 3. Nc3 Nf6 4. Nf3 Be7 5. e3 0-0 6. Bd3 c5 7. cxd5 Nxd5 8. Nxd5 Qxd5 9. 0-0 Nc6 10. b3 cxd4 11. exd4 Rd8 12. Bb2 b6 13. Rc1 Bb7 14. Qc2 Rac8 15. Bxh7+ Kh8 16. Be4 Qd6 17. Bxc6 Bxc6 18. Ne5 Be8 19. Qxc8 1-0

[Event "Blaszczak Memorial 25th"]
[Site "Wroclaw"]
[Date "2010.06.03"]
[Round "6.6"]
[White "Lachowicz, Dominik"]
[Black "Oszczanowski, Witold"]
[Result "1/2-1/2"]
[WhiteElo "1711"]
[BlackElo "1764"]
[PlyCount "96"]
[EventDate "2010.06.03"]
[EventType "swiss"]
[EventRounds "9"]
[EventCountry "POL"]
[SourceTitle "EXT 2023"]
[Source "ChessBase"]
[SourceDate "2022.10.05"]
[SourceVersion "1"]
[SourceVersionDate "2022.10.05"]
[SourceQuality "1"]

1. d4 Nf6 2. Nf3 c5 3. dxc5 e6 4. b4 a5 5. c3 Be7 6. e3 Na6 7. a3 0-0 8. Bb2 Qc7 9. Bd3 Rd8 10. 0-0 b6 11. cxb6 Qxb6 12. Nbd2 d5 13. Qc2 Bb7 14. Ng5 h6 15. Bh7+ Kf8 16. Ngf3 Rac8 17. Bd3 axb4 18. axb4 Nd7 19. Qd1 Bf6 20. Qe2 Nab8 21. Rfc1 Kg8 22. Ra5 Qd6 23. Ra3 Nc6 24. Ra2 Ra8 25. Rxa8 Rxa8 26. Nb3 Nb6 27. Nfd4 Na4 28. Nxc6 Bxc6 29. Nd4 Bd7 30. Ra1 Qb8 31. g3 e5 32. Nb3 e4 33. Bb1 Nxc3 34. Bxc3 Bxc3 35. Rxa8 Qxa8 36. Qd1 Ba4 37. Bc2 Bxb4 38. Nd4 Bd7 39. Ne2 Bg4 40. Qf1 Qa2 41. Bd1 Qd2 42. Nc3 Bc5 43. Kg2 g6 44. Qb5 Bf8 45. Qb3 Bg7 46. Qb8+ Kh7 47. Qb3 h5 48. h4 Bf6 1/2-1/2